000 00729nam a2200289Ia 4500
005 20260324111759.0
008 008 260324s9999 xx 000 0 eng d
020 _a9781003319955
037 _aEBOOK
040 _aCRL
040 _beng
040 _cCRL
041 _2eng
041 _aeng
084 _qCRL
100 _aCenk Temizel; Cengiz Yegin; Jihoon Kim; Luigi Saputelli; Ole Torsæter
_91139990
245 0 _aUnconventional Resources
245 0 _bAdvances in Energy Transition
260 _bTaylor and Francis
260 _c2025
365 _a
365 _b290
856 _uhttp://www.taylorfrancis.com/books/9781003319955
942 _cEBOOK
999 _c1728910
_d1728910